00333 a2200097 4500001001000000005001700010008004100027245007500068100002800143773006400171ART_1045320260410161848.0260409a 10aModelos de optimización dinámica para la firma que maximiza ventas1 aFernandez Pol, Jorge E.0 tEconómicag- Año XVIII, Nº 3 (sep./dic. 1972)wREV7541